| 000 | 00406nam a2200145Ia 4500 | ||
|---|---|---|---|
| 008 | 240729s9999 xx 000 0 und d | ||
| 022 | _a2682-339X | ||
| 245 | 0 | _aAl-Azhar International Medical Journal | |
| 260 | _aEgypt | ||
| 260 | _bAl-Azhar University, Faculty of Medicine | ||
| 650 | _aMedicine | ||
| 856 | _uhttps://doaj.org/toc/586d5aeb83b54b3b8e8f7423f29935d6 | ||
| 942 | _2ddc | ||
| 942 | _cDOAJEJ | ||
| 999 |
_c67903 _d67903 |
||
| 945 |
_a1 _bMadushi Gamage _c1 _dMadushi Gamage |
||